| 000 | 00846nam a2200289 a 4500 | ||
|---|---|---|---|
| 001 | vtls000086857 | ||
| 003 | NLI | ||
| 005 | 20210601195205.0 | ||
| 008 | 101125s1982 ja a 000 0 eng | ||
| 020 | _a9280803603 (pbk.) | ||
| 039 | 9 |
_y201011250937 _zVLOAD |
|
| 040 | 0 |
_aNLI _beng _cEntertech-2003 _eAACR2 |
|
| 041 | 0 | _aeng | |
| 044 | _aja | ||
| 082 | 0 | 4 | _a331.91 |
| 245 | 0 | 4 | _aThe natural resources programme, 1977-1981 |
| 260 |
_aTokyo, Japan : _bUnited Nations University, _c1982 |
||
| 300 |
_aiii, 118 p. : _bill. ; _c24 cm. |
||
| 650 | 0 |
_aNatural resources _xManagement _93731 |
|
| 710 | 2 |
_aUnited Nations University, _4pbl. _9195257 |
|
| 887 | _a | ||
| 901 |
_a21962 _b28.05.1986 |
||
| 902 | _aUN331.91 N285 | ||
| 949 |
_AVIRTUAITEM _D10002 _X100 _6FOD000021962ENG |
||
| 942 |
_2ddc _cBKS |
||
| 999 |
_aVIRTUA00 _c91023 _d91023 |
||